00000000nam 2200000zi 4500
0019.929634
003CaOODSP
00520231030130939
006m     o  d f      
007cr |n|||||||||
008231030e20210419onca    o    f000 0 eng d
040 |aCaOODSP|beng|erda|cCaOODSP
043 |an-cn---
0861 |aF2-296/2021E-PDF
24500|aToward a quality of life strategy for Canada.
264 1|a[Ottawa] : |bDepartment of Finance Canada, |cApril 19, 2021.
300 |a1 online resource (36 pages) : |billustrations
336 |atext|btxt|2rdacontent
337 |acomputer|bc|2rdamedia
338 |aonline resource|bcr|2rdacarrier
500 |aIssued also in French under title: Vers une stratégie sur la qualité de vie pour le Canada.
520 |a"This report was created for consultations on the development of a Quality of Life Framework and to seek input into a new approach the government is developing to define and measure success and make better use of data and evidence to improve its decision-making"--Introduction, page 3.
650 0|aQuality of life|xGovernment policy|zCanada.
7101 |aCanada. |bDepartment of Finance, |eissuing body.
77508|tVers une stratégie sur la qualité de vie pour le Canada.|w(CaOODSP)9.929640
85640|qPDF|s2.26 MB|uhttps://publications.gc.ca/collections/collection_2023/fin/F2-296-2021-eng.pdf